Gaming Quiz

Random Gaming or Nation Quiz

Global Wars of Cyber Nations Quiz Stats

Quiz not verified by Sporcle

Challenge
Share
Tweet
Embed
Score 0/13 Timer 05:00
0 Plays Today
Casus Belli War % Correct
CSN continued to launch attacks against Dave93 while he was under the protection of MK .Dave War
100%
GATO contemplating war against INC.GATO-INC War
90.9%
LUEnited Nations Co-Leader commits account suicide, NpO nukes him in response.Great War I
90.9%
LUE enters the 'Holy War of Farkistan,' a conflict between GOONS and Fark.Great War II
90.9%
GATO spying on NPO.Great War III
90.9%
The 'Genmay-BoTS War.'Unjust War
90.9%
Growing worldwide tensions culminating in accusations of OV accepting stolen screenshots.Karma War
90.9%
GGA attacks Hyperion, who allegedly aided a reroll of a nation that was on GGA's EZI list. Coalition attacks NpO, claiming a list of transgressions. War of the Coalition
90.9%
NpO-m War: Alleged moral and behavioral misconduct. TOP-C&G War: Preemptive strike against expected m coalition combatants.Bipolar War
90.9%
Preemptive strike to stop NPO from returning to power (This war occured at the same time as war #9).DH-NPO War
90.9%
Past grievances.Grudge War
90.9%
Umbrella filling war slots on a rogue who was attacking AI.Equilibrium War
90.9%
NpO Regent condoned spying on VE (This war occured at the same time as war #10).PB-NpO War
72.7%

You're not logged in!

Compare scores with friends on all Sporcle quizzes.
Sign Up with Email
OR
Log In

You Might Also Like...

Show Comments

Extras

Top Quizzes Today


Score Distribution

Your Account Isn't Verified!

In order to create a playlist on Sporcle, you need to verify the email address you used during registration. Go to your Sporcle Settings to finish the process.